Handbook on product design and development : (Record no. 12387)
[ view plain ]
| 000 -LEADER | |
|---|---|
| fixed length control field | 00862nam a2200169 4500 |
| 008 - FIXED-LENGTH DATA ELEMENTS--GENERAL INFORMATION | |
| fixed length control field | 190124b ||||| |||| 00| 0 eng d |
| 020 ## - INTERNATIONAL STANDARD BOOK NUMBER | |
| International Standard Book Number | 9710858769 |
| 082 ## - DEWEY DECIMAL CLASSIFICATION NUMBER | |
| Edition number | 1995 |
| Classification number | DFil 745.2 |
| Item number | H199 |
| 245 ## - TITLE STATEMENT | |
| Title | Handbook on product design and development : |
| Remainder of title | basic fundamentals of industrial design / |
| Statement of responsibility, etc. | Ronnie M. Millevo. |
| 260 ## - PUBLICATION, DISTRIBUTION, ETC. (IMPRINT) | |
| Place of publication, distribution, etc. | Mandaluyong City : |
| Name of publisher, distributor, etc. | National Book Store, |
| Date of publication, distribution, etc. | ©1995 |
| 300 ## - PHYSICAL DESCRIPTION | |
| Extent | iii, 267 pages : |
| Other physical details | illustrations ; |
| Dimensions | 21 cm. |
| 500 ## - GENERAL NOTE | |
| General note | Includes index. |
| 505 ## - FORMATTED CONTENTS NOTE | |
| Formatted contents note | The importance of product design and development--The product designer--Product design parameters--The product development program--Product design techniques--Product development components--Product design materials--Design illustration techniques--Professional practice. |
| 650 ## - SUBJECT ADDED ENTRY--TOPICAL TERM | |
| Topical term or geographic name as entry element | Industrial design |
| Form subdivision | Handbook |
| 9 (RLIN) | 34952 |
| 700 ## - ADDED ENTRY--PERSONAL NAME | |
| Personal name | Millevo, Ronnie M. |
| 9 (RLIN) | 34953 |
| 942 ## - ADDED ENTRY ELEMENTS (KOHA) | |
| Source of classification or shelving scheme | Dewey Decimal Classification |
| Koha item type | Filipiniana |
| Withdrawn status | Lost status | Source of classification or shelving scheme | Damaged status | Not for loan | Collection code | Home library | Current library | Date acquired | Source of acquisition | Total Checkouts | Full call number | Barcode | Date last seen | Copy number | Price effective from | Koha item type |
|---|---|---|---|---|---|---|---|---|---|---|---|---|---|---|---|---|
| Dewey Decimal Classification | Filipiniana | UM Digos College - LIC | UM Digos College - LIC | 01/24/2019 | purchased | DFil 745.2 H199 1995 | 16684 | 05/15/2025 | 1 | 01/24/2019 | Filipiniana |
